100 Famous Artists by Famous Song 2.0 - Statistics

General Stats
  • This quiz has been taken 215 times
  • The average score is 27 of 100
Answer Stats
Song Country Artist % Correct
7 Rings United States Ariana Grande
76%
Zombie Ireland The Cranberries
72%
Stairway to Heaven United Kingdom Led Zeppelin
69%
I Will Survive United States Gloria Gaynor
68%
The Final Countdown Sweden Europe
66%
Sweet Dreams (Are Made of This) United Kingdom Eurythmics
64%
Can't Get You Out Of My Head Australia Kylie Minogue
60%
Don't Speak United States No Doubt
59%
Smooth Operator United Kingdom Sade
58%
Sultans of Swing United Kingdom Dire Straits
57%
House of the Rising Sun United Kingdom The Animals
57%
Song 2 United Kingdom Blur
53%
White Wedding United Kingdom Billy Idol
52%
West End Girls United Kingdom Pet Shop Boys
51%
Hot in Herre United States Nelly
50%
Babooshka United Kingdom Kate Bush
49%
Psycho Killer United States Talking Heads
49%
Yeah! United States Usher
49%
Ace of Spades United Kingdom Motörhead
48%
Du Hast Germany Rammstein
48%
Personal Jesus United Kingdom Depeche Mode
47%
Englishman in The New York United Kingdom Sting
47%
Bailamos Spain Enrique Iglesias
46%
Rio United Kingdom Duran Duran
43%
Sharp Dressed Man United States ZZ Top
43%
It Must Have Been Love Sweden Roxette
42%
War Pigs United Kingdom Black Sabbath
41%
White Flag United Kingdom Dido
41%
At Last United States Etta James
40%
Do I Wanna Know United Kingdom Arctic Monkeys
39%
Are You Gonna Be My Girl? Australia Jet
39%
All the Things She Said Russia t.A.T.u.
38%
Sunshine of Your Love United Kingdom Cream
36%
Let's Get Loud United States Jennifer Lopez
36%
Run to the Hills United Kingdom Iron Maiden
32%
Killing In the Name United States Rage Against The Machine
32%
Milkshake United States Kelis
31%
On The Road Again United States Willie Nelson
31%
Let's Stay Together United States Al Green
29%
Jesus Walks United States Kanye West
29%
Tom Sawyer Canada Rush
29%
Can’t Get Enough of Your Love, Babe United States Barry White
28%
Breaking the Law United Kingdom Judas Priest
28%
Nessun Dorma Italy Luciano Pavarotti
28%
Delilah United Kingdom Tom Jones
28%
Insane in The Brain United States Cypress Hill
27%
Ain't Nobody United States Chaka Khan
26%
If I Ain't Got You United States Alicia Keys
25%
Intergalactic United States Beastie Boys
24%
Radar Love Netherlands Golden Earring
24%
Get Busy Jamaica Sean Paul
24%
Don't Phunk With My Heart United States The Black Eyed Peas
24%
Only Time Ireland Enya
23%
Virtual Insanity United Kingdom Jamiroquai
22%
On Melancholy Hill United Kingdom Gorillaz
20%
Whatever It Takes United States Imagine Dragons
20%
Zitti e Buoni Italy Måneskin
20%
Ddu-Du Ddu-Du South Korea Blackpink
19%
Dance With My Father United States Luther Vandross
18%
Smack My Bitch Up United Kingdom The Prodigy
18%
Big in Japan Germany Alphaville
17%
Bamboléo France Gipsy Kings
17%
Chelsea Dagger United Kingdom The Fratellis
17%
Juicy United States The Notorious B.I.G
17%
My Favourite Game Sweden The Cardigans
16%
Vivo Per Lei Italy Andrea Bocelli
14%
Euphoria Sweden Loreen
14%
Eruption United States Van Halen
13%
Club Foot United Kingdom Kasabian
12%
Teardrop United Kingdom Massive Attack
12%
Porcelain United States Moby
12%
Starlight United Kingdom Muse
12%
Glory Box United Kingdom Portishead
12%
La Bohème France Charles Aznavour
10%
Sing It Back United Kingdom Moloko
10%
Jerk It Out Sweden Caesars
9%
La Camisa Negra Colombia Juanes
9%
Aïcha Algeria Khaled
9%
Şımarık (Kiss Kiss) Turkey Tarkan
9%
Monsoon Germany Tokio Hotel
9%
Peace Sells United States Megadeth
8%
Raining Blood United States Slayer
8%
Hate to Say I Told You So Sweden The Hives
8%
Bongo Bong Mexico Manu Chao
7%
Zero United States The Smashing Pumpkins
7%
Where Are We Now? United Kingdom David Bowie
6%
Blue Ain’t Your Color Australia Keith Urban
6%
The Perfect Drug United States Nine Inch Nails
6%
Do the Evolution United States Pearl Jam
6%
Maybe Tomorrow United Kingdom Stereophonics
6%
Heart Full of Soul United Kingdom The Yardbirds
6%
Ameno France ERA
5%
Saoko Spain Rosalía
5%
Love Is a Long Road United States Tom Petty
4%
Rain and Tears Greece Aphrodite's Child
3%
Fuoco Nel Fuoco Italy Eros Ramazzotti
3%
My Number One Greece Helena Paparizou
3%
Nour El Ain Egypt Amr Diab
2%
El Rey Mexico Vicente Fernández
2%
Sea of Cloud Japan Nujabes
1%
No matching quizzes found
Score Distribution
Percent of People with Each Score
Percentile by Number Answered
Your Score History
You have not taken this quiz